Matthew 5 - Statistics

General Stats
  • This quiz has been taken 88 times
  • The average score is 308 of 1027
Answer Stats
Verse Text % Correct
a
100%
and
100%
2 and
100%
began
100%
came
100%
crowds
100%
disciples
100%
down
100%
he
100%
he
100%
he
100%
him
100%
His
100%
mountainside
100%
1 Now
100%
on
100%
sat
100%
saw
100%
saying
100%
teach
100%
the
100%
them
100%
to
100%
to
100%
up
100%
went
100%
when
100%
against
67%
all
67%
and
67%
and
67%
and
67%
are
67%
are
67%
are
67%
are
67%
are
67%
are
67%
are
67%
are
67%
are
67%
are
67%
be
67%
be
67%
be
67%
be
67%
be
67%
because
67%
because
67%
because
67%
before
67%
3 Blessed
67%
4 Blessed
67%
5 Blessed
67%
6 Blessed
67%
7 Blessed
67%
8 Blessed
67%
9 Blessed
67%
10 Blessed
67%
11 Blessed
67%
called
67%
comforted
67%
earth
67%
evil
67%
falsely
67%
filled
67%
for
67%
for
67%
for
67%
for
67%
for
67%
for
67%
for
67%
for
67%
for
67%
for
67%
glad
67%
God
67%
God
67%
great
67%
heart
67%
heaven
67%
heaven
67%
heaven
67%
hunger
67%
in
67%
in
67%
in
67%
in
67%
inherit
67%
insult
67%
is
67%
is
67%
is
67%
kinds
67%
kingdom
67%
kingdom
67%
me
67%
meek
67%
merciful
67%
mercy
67%
mourn
67%
of
67%
of
67%
of
67%
of
67%
of
67%
of
67%
peacemakers
67%
people
67%
persecute
67%
persecuted
67%
persecuted
67%
poor
67%
prophets
67%
pure
67%
12 Rejoice
67%
reward
67%
righteousness
67%
righteousness
67%
same
67%
say
67%
see
67%
shown
67%
sons
67%
spirit
67%
the
67%
the
67%
the
67%
the
67%
the
67%
the
67%
the
67%
the
67%
the
67%
the
67%
theirs
67%
theirs
67%
they
67%
they
67%
they
67%
they
67%
they
67%
they
67%
they
67%
thirst
67%
those
67%
those
67%
those
67%
way
67%
were
67%
when
67%
who
67%
who
67%
who
67%
who
67%
will
67%
will
67%
will
67%
will
67%
will
67%
will
67%
you
67%
you
67%
you
67%
you
67%
you
67%
your
67%
A
33%
a
33%
a
33%
a
33%
a
33%
a
33%
a
33%
abolish
33%
abolish
33%
accomplished
33%
adulteress
33%
adultery
33%
adultery
33%
adultery
33%
adversary
33%
again
33%
Again
33%
against
33%
ago
33%
already
33%
altar
33%
altar
33%
an
33%
and
33%
and
33%
and
33%
and
33%
and
33%
and
33%
and
33%
and
33%
and
33%
and
33%
and
33%
and
33%
and
33%
and
33%
and
33%
30 And
33%
and
33%
and
33%
angry
33%
answerable
33%
any
33%
19 Anyone
33%
anyone
33%
anyone
33%
anyone
33%
anyone
33%
anyone
33%
Anyone
33%
anyone
33%
anyone
33%
anything
33%
are
33%
are
33%
are
33%
are
33%
at
33%
at
33%
away
33%
away
33%
be
33%
be
33%
be
33%
be
33%
be
33%
be
33%
be
33%
be
33%
be
33%
be
33%
be
33%
become
33%
been
33%
before
33%
better
33%
better
33%
body
33%
body
33%
body
33%
body
33%
bowl
33%
breaks
33%
brother
33%
brother
33%
brother
33%
brother
33%
But
33%
but
33%
but
33%
22 But
33%
But
33%
28 But
33%
32 But
33%
by
33%
by
33%
called
33%
called
33%
can
33%
cannot
33%
causes
33%
causes
33%
causes
33%
certainly
33%
certificate
33%
city
33%
come
33%
come
33%
come
33%
commandments
33%
commands
33%
commit
33%
commits
33%
committed
33%
court
33%
cut
33%
danger
33%
deeds
33%
disappear
33%
disappear
33%
divorce
33%
divorced
33%
divorces
33%
divorces
33%
do
33%
17 Do
33%
do
33%
Do
33%
Do
33%
Do
33%
earth
33%
earth
33%
enter
33%
everyone
33%
everything
33%
except
33%
except
33%
eye
33%
Father
33%
fire
33%
First
33%
fool
33%
for
33%
20 For
33%
for
33%
for
33%
for
33%
for
33%
for
33%
from
33%
front
33%
fulfill
33%
get
33%
gift
33%
gift
33%
gift
33%
give
33%
gives
33%
go
33%
go
33%
good
33%
good
33%
gouge
33%
great
33%
hand
33%
hand
33%
hand
33%
has
33%
has
33%
has
33%
have
33%
have
33%
have
33%
have
33%
have
33%
he
33%
heard
33%
heard
33%
heart
33%
heaven
33%
heaven
33%
heaven
33%
heaven
33%
heaven
33%
hell
33%
hell
33%
hell
33%
her
33%
her
33%
her
33%
hidden
33%
hill
33%
him
33%
his
33%
his
33%
his
33%
his
33%
his
33%
house
33%
how
33%
I
33%
I
33%
18 I
33%
I
33%
I
33%
26 I
33%
I
33%
I
33%
if
33%
if
33%
29 If
33%
if
33%
in
33%
16 In
33%
in
33%
in
33%
in
33%
in
33%
in
33%
in
33%
Instead
33%
into
33%
into
33%
into
33%
is
33%
is
33%
is
33%
is
33%
is
33%
is
33%
is
33%
it
33%
It
33%
it
33%
it
33%
it
33%
it
33%
it
33%
it
33%
it
33%
it
33%
It
33%
it
33%
it
33%
It
33%
31 It
33%
its
33%
its
33%
judge
33%
judge
33%
judgment
33%
judgment
33%
kingdom
33%
kingdom
33%
kingdom
33%
lamp
33%
last
33%
Law
33%
Law
33%
law
33%
least
33%
least
33%
least
33%
24 leave
33%
let
33%
letter
33%
light
33%
light
33%
light
33%
light
33%
long
33%
longer
33%
looks
33%
lose
33%
lose
33%
loses
33%
lustfully
33%
made
33%
marital
33%
marries
33%
matters
33%
may
33%
may
33%
may
33%
may
33%
means
33%
men
33%
men
33%
murder
33%
murders
33%
must
33%
15 Neither
33%
no
33%
not
33%
not
33%
not
33%
not
33%
not
33%
not
33%
not
33%
not
33%
of
33%
of
33%
of
33%
of
33%
of
33%
of
33%
of
33%
of
33%
of
33%
of
33%
of
33%
of
33%
of
33%
of
33%
of
33%
of
33%
off
33%
offer
33%
offering
33%
officer
33%
on
33%
on
33%
on
33%
one
33%
one
33%
one
33%
or
33%
or
33%
others
33%
out
33%
out
33%
out
33%
over
33%
over
33%
paid
33%
part
33%
part
33%
pen
33%
penny
33%
people
33%
people
33%
Pharisees
33%
practices
33%
praise
33%
prison
33%
Prophets
33%
put
33%
put
33%
quickly
33%
Raca
33%
reconciled
33%
remember
33%
right
33%
right
33%
righteousness
33%
said
33%
said
33%
said
33%
salt
33%
salt
33%
saltiness
33%
salty
33%
same
33%
same
33%
Sanhedrin
33%
says
33%
says
33%
see
33%
25 Settle
33%
shine
33%
sin
33%
sin
33%
smallest
33%
something
33%
stand
33%
still
33%
stroke
33%
subject
33%
subject
33%
surpasses
33%
taking
33%
teachers
33%
teaches
33%
teaches
33%
tell
33%
tell
33%
tell
33%
tell
33%
tell
33%
tell
33%
than
33%
than
33%
that
33%
that
33%
that
33%
that
33%
that
33%
that
33%
that
33%
that
33%
that
33%
that
33%
the
33%
the
33%
the
33%
the
33%
the
33%
the
33%
the
33%
the
33%
the
33%
the
33%
the
33%
the
33%
the
33%
the
33%
the
33%
the
33%
the
33%
the
33%
the
33%
the
33%
the
33%
the
33%
the
33%
the
33%
the
33%
the
33%
the
33%
the
33%
the
33%
the
33%
the
33%
the
33%
the
33%
them
33%
them
33%
then
33%
there
33%
there
33%
23 Therefore
33%
these
33%
these
33%
they
33%
they
33%
think
33%
throw
33%
throw
33%
thrown
33%
thrown
33%
thrown
33%
to
33%
to
33%
to
33%
to
33%
to
33%
to
33%
to
33%
to
33%
to
33%
to
33%
to
33%
to
33%
to
33%
to
33%
to
33%
to
33%
to
33%
to
33%
to
33%
to
33%
to
33%
to
33%
trampled
33%
truth
33%
truth
33%
under
33%
unfaithfulness
33%
unless
33%
until
33%
until
33%
until
33%
was
33%
was
33%
way
33%
way
33%
while
33%
who
33%
who
33%
who
33%
who
33%
who
33%
who
33%
who
33%
who
33%
who
33%
who
33%
whoever
33%
whole
33%
whole
33%
wife
33%
wife
33%
will
33%
will
33%
will
33%
will
33%
will
33%
will
33%
will
33%
will
33%
with
33%
with
33%
with
33%
with
33%
woman
33%
woman
33%
world
33%
13 You
33%
14 You
33%
you
33%
you
33%
you
33%
21 You
33%
you
33%
You
33%
you
33%
you
33%
you
33%
you
33%
you
33%
you
33%
you
33%
you
33%
you
33%
you
33%
27 You
33%
you
33%
you
33%
you
33%
you
33%
you
33%
you
33%
your
33%
your
33%
your
33%
your
33%
your
33%
your
33%
your
33%
your
33%
your
33%
your
33%
your
33%
your
33%
your
33%
your
33%
your
33%
your
33%
33 Again
0%
ago
0%
all
0%
also
0%
an
0%
36 And
0%
and
0%
and
0%
40 And
0%
and
0%
and
0%
and
0%
and
0%
and
0%
and
0%
and
0%
47 And
0%
anything
0%
Are
0%
are
0%
as
0%
as
0%
asks
0%
at
0%
away
0%
be
0%
be
0%
48 Be
0%
beyond
0%
black
0%
borrow
0%
break
0%
brothers
0%
but
0%
34 But
0%
39 But
0%
44 But
0%
by
0%
by
0%
by
0%
by
0%
cannot
0%
causes
0%
cheek
0%
city
0%
cloak
0%
collectors
0%
comes
0%
Do
0%
Do
0%
do
0%
Do
0%
do
0%
Do
0%
do
0%
doing
0%
doing
0%
earth
0%
either
0%
enemies
0%
enemy
0%
even
0%
even
0%
even
0%
evil
0%
evil
0%
evil
0%
Eye
0%
eye
0%
Father
0%
Father
0%
footstool
0%
for
0%
for
0%
for
0%
for
0%
for
0%
for
0%
for
0%
forces
0%
from
0%
from
0%
from
0%
get
0%
42 Give
0%
go
0%
go
0%
God's
0%
good
0%
Great
0%
greet
0%
hair
0%
hate
0%
have
0%
have
0%
have
0%
have
0%
have
0%
He
0%
head
0%
heard
0%
heard
0%
heard
0%
heaven
0%
heaven
0%
heavenly
0%
him
0%
him
0%
him
0%
his
0%
his
0%
I
0%
I
0%
I
0%
If
0%
if
0%
41 If
0%
46 If
0%
if
0%
in
0%
is
0%
is
0%
is
0%
is
0%
it
0%
it
0%
it
0%
it
0%
it
0%
it
0%
Jerusalem
0%
keep
0%
King
0%
let
0%
let
0%
long
0%
Lord
0%
Love
0%
Love
0%
love
0%
love
0%
made
0%
make
0%
may
0%
mile
0%
miles
0%
more
0%
neighbour
0%
No
0%
No
0%
not
0%
not
0%
not
0%
not
0%
not
0%
not
0%
not
0%
oath
0%
oaths
0%
of
0%
of
0%
on
0%
on
0%
on
0%
one
0%
one
0%
one
0%
one
0%
one
0%
only
0%
35 or
0%
or
0%
or
0%
other
0%
others
0%
pagans
0%
people
0%
perfect
0%
perfect
0%
persecute
0%
person
0%
pray
0%
rain
0%
resist
0%
reward
0%
right
0%
righteous
0%
rise
0%
said
0%
said
0%
said
0%
sends
0%
37 Simply
0%
someone
0%
someone
0%
someone
0%
sons
0%
strikes
0%
sue
0%
sun
0%
swear
0%
swear
0%
take
0%
tax
0%
tell
0%
tell
0%
tell
0%
than
0%
that
0%
that
0%
that
0%
45 that
0%
that
0%
that
0%
the
0%
the
0%
the
0%
the
0%
the
0%
the
0%
the
0%
the
0%
the
0%
the
0%
the
0%
the
0%
the
0%
the
0%
the
0%
the
0%
therefore
0%
this
0%
those
0%
those
0%
throne
0%
to
0%
to
0%
to
0%
to
0%
to
0%
to
0%
to
0%
to
0%
tooth
0%
tooth
0%
tunic
0%
turn
0%
turn
0%
two
0%
unrighteous
0%
wants
0%
wants
0%
was
0%
was
0%
was
0%
well
0%
what
0%
what
0%
white
0%
who
0%
who
0%
who
0%
who
0%
will
0%
with
0%
Yes
0%
Yes
0%
you
0%
you
0%
you
0%
you
0%
38 You
0%
you
0%
you
0%
you
0%
you
0%
you
0%
you
0%
43 You
0%
you
0%
you
0%
you
0%
you
0%
you
0%
you
0%
you
0%
you
0%
your
0%
your
0%
your
0%
your
0%
your
0%
your
0%
your
0%
your
0%
your
0%
your
0%
your
0%
your
0%
No matching quizzes found
Score Distribution
Percent of People with Each Score
Percentile by Number Answered
Your Score History
You have not taken this quiz